[Event "Olympiad-42"]
[Site "Baku"]
[Date "2016.09.13"]
[Round "11.4"]
[White "Mapini, Otsile"]
[Black "Johnson, Joshua"]
[Result "0-1"]
[WhiteElo "1972"]
[BlackElo "2119"]
[PlyCount "102"]
[EventDate "2016.09.02"]
[EventType "team-swiss"]
[EventRounds "11"]
[EventCountry "AZE"]
[SourceTitle "CBM 175"]
[Source "ChessBase"]
[SourceDate "2016.11.10"]
[SourceVersion "1"]
[SourceVersionDate "2016.11.10"]
[SourceQuality "1"]
[WhiteTeam "Botswana"]
[BlackTeam "Trinidad and Tobago"]
[WhiteTeamCountry "BOT"]
[BlackTeamCountry "TRI"]

1. e4 c5 2. Nf3 d6 3. c4 Nf6 4. Nc3 g6 5. d4 cxd4 6. Nxd4 Bg7 7. Be2 Nc6 8. Be3 0-0 9. Rc1 Bd7 10. 0-0 a6 11. f3 Qa5 12. Qd2 Nxd4 13. Bxd4 Rfc8 14. Rfd1 Be6 15. b3 b5 16. Bxf6 exf6 17. Nb1 Qxd2 18. Nxd2 f5 19. Rc2 fxe4 20. fxe4 f5 21. Nf3 bxc4 22. bxc4 fxe4 23. Ng5 Bf5 24. g4 h6 25. Nh3 Bd7 26. Rxd6 Ba4 27. Rc1 Rc6 28. Rd7 Re6 29. Rd2 Kh7 30. Nf4 Rb6 31. Bd1 Bc6 32. Bb3 Be5 33. Ne2 Rf8 34. c5 Rb4 35. Rc4 Rxc4 36. Bxc4 a5 37. Rd1 a4 38. h3 Rf3 39. Rb1 e3 40. Rb6 Be4 41. Rb4 Rf2 42. Bg8+ Kxg8 43. Rxe4 Bh2+ 44. Kh1 Rxe2 45. Rxa4 g5 46. Re4 Bf4 47. Kg1 Rxa2 48. Kf1 Rc2 49. h4 Rxc5 50. hxg5 hxg5 51. Re6 Re5 0-1

[Event "Olympiad-42"]
[Site "Baku"]
[Date "2016.09.05"]
[Round "4.4"]
[White "Mapini, Otsile"]
[Black "Mwaisumbe, Emmanuel"]
[Result "1-0"]
[WhiteElo "1972"]
[BlackElo "1662"]
[PlyCount "83"]
[EventDate "2016.09.02"]
[EventType "team-swiss"]
[EventRounds "11"]
[EventCountry "AZE"]
[SourceTitle "CBM 175"]
[Source "ChessBase"]
[SourceDate "2016.11.10"]
[SourceVersion "1"]
[SourceVersionDate "2016.11.10"]
[SourceQuality "1"]
[WhiteTeam "Botswana"]
[BlackTeam "Tanzania"]
[WhiteTeamCountry "BOT"]
[BlackTeamCountry "TAN"]

1. e4 c5 2. Nf3 d6 3. d4 cxd4 4. Nxd4 Nf6 5. Nc3 a6 6. Bg5 e6 7. Bc4 Be7 8. f4 Nc6 9. Nxc6 bxc6 10. e5 Nd5 11. Bxe7 Qxe7 12. Qg4 0-0 13. Qg3 dxe5 14. fxe5 Qc5 15. Bxd5 cxd5 16. 0-0-0 Rb8 17. Rd2 Bd7 18. h4 Qb4 19. Nd1 Qc4 20. Kb1 Rfc8 21. h5 h6 22. Rh4 Qc5 23. Qf4 Qe7 24. Rg4 Kh7 25. Qg3 Rg8 26. Qd3+ Kh8 27. Rf2 Bb5 28. Qe3 Bc4 29. a3 Qb7 30. Rgf4 Rgf8 31. g4 Rbd8 32. Rd4 Rb8 33. g5 hxg5 34. Qxg5 Qa7 35. Rg4 Rg8 36. Rf6 Kh7 37. Rf2 Qb7 38. Qg6+ Kh8 39. Rxf7 Qc6 40. h6 Bd3 41. hxg7+ Rxg7 42. Qxg7# 1-0

[Event "Johannesburg FASU op 8th"]
[Site "Johannesburg"]
[Date "2016.06.29"]
[Round "5"]
[White "Mapini, Otsile"]
[Black "Seforo, Katlano"]
[Result "1-0"]
[WhiteElo "1970"]
[BlackElo "1951"]
[PlyCount "43"]
[EventDate "2016.06.27"]
[EventType "swiss"]
[EventRounds "6"]
[EventCountry "RSA"]
[SourceTitle "EXT 2017"]
[Source "ChessBase"]
[SourceDate "2016.10.25"]
[SourceVersion "1"]
[SourceVersionDate "2016.10.25"]
[SourceQuality "1"]

1. e4 g6 2. d4 d6 3. h3 Nf6 4. Bd3 Bg7 5. f4 c6 6. Nf3 d5 7. e5 Ng8 8. 0-0 e6 9. b3 b6 10. Ba3 Ba6 11. c4 h5 12. Nc3 Bh6 13. cxd5 Bxd3 14. Qxd3 cxd5 15. Nb5 Ne7 16. Nd6+ Kf8 17. Ng5 Bxg5 18. fxg5 Rh7 19. Nxf7 Rxf7 20. Qxg6 Ke8 21. Qxf7+ Kd7 22. Rf6 1-0